Bankovníctvo je vlastne úžerníctvo

Úplne odlišný názor na bankovníctvo a jeho praktiky. Pohľad autora na bankovú činnosť z iného uhla pohľadu. Pravidlá, ktoré sa neuplatňujú. Nevyhnutnosť obnovy regulácie bankovej činnosti. Pokračovanie.

Guardado en:
Detalles Bibliográficos
Autor principal: Rowbotham, Michael
Formato: Capítulo de libro
Lenguaje:eslovaco
Materias:
Etiquetas: Agregar Etiqueta
Sin Etiquetas, Sea el primero en etiquetar este registro!

MARC

LEADER 00000naa$a2200000$$$4500
001 0081454
005 20231016085658.4
041 0 |a slo 
044 |a SK 
245 1 0 |a Bankovníctvo je vlastne úžerníctvo  |c Michael Rowbotham 
520 |a Úplne odlišný názor na bankovníctvo a jeho praktiky. Pohľad autora na bankovú činnosť z iného uhla pohľadu. Pravidlá, ktoré sa neuplatňujú. Nevyhnutnosť obnovy regulácie bankovej činnosti. Pokračovanie. 
610 2 0 |a banky 
610 2 0 |a bankovníctvo 
610 2 0 |a úžerníctvo 
610 2 0 |a regulácia 
100 1 |a Rowbotham, Michael